Österreichische liga top torjäger 2021 - Statistiken

Allgemein
  • Dieses Quiz wurde 22 mal gespielt
  • Das Durchschnittsergebnis liegt bei 4 aus 10
Antwortstatistiken
Hint Antwort % Korrekt
Salzburg 19 Tore Adeyemi
89%
Sturm 14 Tore Jantscher
67%
Austria Klagenfurt 12 Tore Pink
56%
Tirol 19 Tore Vrioni
50%
Hartberg 10 Tore Tadic
39%
Sturm 11 Tore Yeboah
28%
Austria Wien 9 Tore Djuricin
22%
WAC 11 Tore Baribo
17%
Sturm 13 Tore Sarkaria
17%
LASK 10 Tore Horvath
11%
Keine übereinstimmenden Quizze gefunden
Verteilung der Resultate
Anzahl Personen mit jedem Resultat
Perzentil nach korrekt beantworteten Fragen
Ihre Resultats-Entwicklung
Sie haben dieses Quiz noch nicht gespielt